| 000 | 00623nam a2200205 i 4500 | ||
|---|---|---|---|
| 001 | 142263 | ||
| 003 | ES-MaACL | ||
| 005 | 20250815004924.0 | ||
| 007 | t| | ||
| 008 | 071004s1947 sp ||||1| spa d | ||
| 080 | _a930.9"1931/40" | ||
| 100 | 1 |
_aVigón, Jorge. _9114665 |
|
| 245 | 1 | 0 |
_aMilicia y política / _cJorge Vigón. |
| 260 |
_aMadrid : _bInstituto de Estudios Políticos, _c1947. |
||
| 300 |
_a422 p. ; _c21 cm. |
||
| 650 | 1 | 4 |
_aHistoria contemporánea- _yS.XX _913396 |
| 710 | 2 |
_aInstituto de Estudios Políticos (Madrid) _94924 |
|
| 852 |
_aES-MaACL _jC-4797 _bR.25092 |
||
| 999 |
_c142263 _d142263 |
||